Üdvözlet Vácról

Zobrazenie: Pohľady na dominanty Vacova

Podrobná bibliografia
Médium: Fotografia
Jazyk:maďarčina
nemčina
angličtina
ruština
Fyzický popis:1 pohľadnica (7 čiastkových pohľadov) čiernobiela 10 x 15 cm
Vydavateľské údaje: Budapest Képzőművészeti Alap Kiadóvállalata [1975?]
Predmet:

MARC

LEADER 00000ckm a2200000 a 4500
001 vtls011991368
003 SK-MaSNL
005 20260302061227.0
007 kf bo
008 210928q1975 hu g 0kuhun
015 |a SNBG1975 
040 |a SNK  |b slo  |c SNK  |e AACR2 
041 0 |a hun  |a ger  |a eng  |a rus 
043 |a e-xo--- 
044 |a hu  |c HU 
072 7 |a 913(4)  |x Geografia Európy, reálie, cestovanie  |2 konspekt 
080 |a 913(439)  |2 2011 
080 |a (084.121)  |2 2011 
245 0 0 |a Üdvözlet Vácról  |h grafika 
246 3 1 |a Grüsse aus Vác 
246 3 1 |a Greetings from Vác 
246 1 |i Názov na obrazovej časti:  |a Vác 
260 |a Budapest  |b Képzőművészeti Alap Kiadóvállalata  |c [1975?] 
300 |a 1 pohľadnica (7 čiastkových pohľadov)  |b čiernobiela  |c 10 x 15 cm 
520 8 |a Zobrazenie: Pohľady na dominanty Vacova 
546 |a Súbežný názov v nemčine, angličtine a ruštine 
651 7 |a Vacov (Maďarsko)  |2 SNKPHgeo  |9 132559 
655 7 |a pohľadnice  |2 SNKPH  |9 70741 
958 |a GBN 
958 |a TL 
958 |a GC 
958 |a OND 
999 |c 1124478  |d 1126408 
952 |a SNK  |b SNK  |y PREZ  |7 0  |p 17A1377710  |o snkSP 92176  |z Pohľadnica prešla poštou.  |0 0  |1 0  |4 0  |d 2020-09-09  |l 0  |r 2026-02-24 18:42:08  |w 2026-02-24